00622nam a2200193Ia 4500008004100000020001500041041001200056082001600068100001800084245005200102250000900154260003700163300000800200650001500208700002000223942000700243999001500250952016300265221030s9999 xx 000 0 und d a8129704110 aEnglish a105.23bDan aJ. D. Daniels 0aInternational Business Environment & Operations a10th bPearson EducationaDelhic2003 a701 aManagement aL. H. Radebaugh cBK c1925d1925 pMBA 247g395.00l0o105.23 Danr2024-04-19 00:00:00w2022-10-30yBK003Print4070aMIETLIBbMIETLIBcBL-Second, FL-1, CUP-134, SH-3, R-3d2005-03-1810HMBA